Fundamentals of electricity and electronics / (Record no. 3456)

000 -LEADER
fixed length control field 00373nam a22001337a 4500
008 - FIXED-LENGTH DATA ELEMENTS--GENERAL INFORMATION
fixed length control field 200616b ||||| |||| 00| 0 eng d
082 00 - DEWEY DECIMAL CLASSIFICATION NUMBER
Classification number 621.381
Item number L141
100 ## - MAIN ENTRY--PERSONAL NAME
9 (RLIN) 2840
Personal name Lackey, J. E.
245 10 - TITLE STATEMENT
Title Fundamentals of electricity and electronics /
260 ## - PUBLICATION, DISTRIBUTION, ETC. (IMPRINT)
Place of publication, distribution, etc New York
Name of publisher, distributor, etc Holt-Saunders
Date of publication, distribution, etc 1983
300 ## - PHYSICAL DESCRIPTION
Extent xxvi, 677 p.
650 #0 - SUBJECT ADDED ENTRY--TOPICAL TERM
Topical term or geographic name as entry element Electronics
942 ## - ADDED ENTRY ELEMENTS (KOHA)
Item type Books
Holdings
Withdrawn status Lost status Source of classification or shelving scheme Damaged status Not for loan Permanent location Current location Date acquired Full call number Barcode Date last seen Koha item type
          IMU Kolkata IMU Kolkata 2020-06-16 621.381 L141 06192 2020-06-16 Books
Designed and Maintained by IMU-KC Library, Kolkata Campus © Copyright All Rights Reserved

webs counters

Powered by Koha